1025 1111 1164 1565 1024 1226 1051 1909 1182 1009 1010 1745 1897 1470 1809 1482 1419 1339 1858 1193 1417 1546 1384 1277 1193 1244 1793 1219 1088 1842 1318 1731 1918 1319 1974 1657 1933 1860 1658 1883 1423 1053 1115 1905 1962 1100 1071 1015 1901 1764 1849 1265 1623 1097 1262 1131 1106 1902 1457 1426 1553 1698 1357 1613 1049 1132 1797 1679 1523 1699 1757 1470 1015 1084 1177 1892 1037 1355 1303 1653 1345 1250 1182 1560 1707 1489 1089 1325 1331 1577 1922 1239 1057 1354 1563 1714 1792 1048 1894 BCNSPRNW ULIB Ver.6.0+V

เปลี่ยนเป็นภาษาไทย

Change to English
 แสดงรายละเอียดบรรณานุกรม
  กลับหน้าหลัก

Brief Record : Get Marc (ISO 2709) : E-mail record : QR code < ปิดหน้าต่าง
LEADER : 00000nam 2200000uu 4500
001    13399121652
003     ULIB
008    121128s2551||||th 000 0 tha d
020    ^a9789740437710
060 04 ^aWS200^bด764N
245 00 ^aNew trend in pediatric practice 2008 /^cบรรณาธิการ, ดุสิตสถาวร, ชิษณุ พันธุ์เจริญ, อุษา ทิสยากร
250    ^aพิมพ์ครั้งที่ 1
260    ^aกรุงเทพฯ :^bราชวิทยาลัยกุมารแพทย์แห่งประเทศไทยสมาคมกุมารแพทย์แห่งประเทศไทย,^c2551
300    ^axii, 284 หน้า :^bภาพประกอบ ;^c27 ซม.
500    ^a"หนังสือคู่มือการอบรมระยะสั้นประจำปี 2551"
650  7 ^aกุมารเวชศาสตร์
650  7 ^aโรค^xในวัยทารกและวัยเด็ก
700 0  ^aดุสิต สถาวร,^eบรรณาธิการ
700 0  ^aชิษณุ พันธุ์เจริญ,^eบรรณาธิการ
700 0  ^aอุษา ทิสยากร,^eบรรณาธิการ
710 2  ^aราชวิทยาลัยกุมารแพทย์แห่งประเทศไทย
710 2  ^aสมาคมกุมารแพทย์แห่งประเทศไทย
945    ^p320^l0^i15064
945    ^p320^l0^i15107
945    ^p320^l0^i15558
995    ^aวิภา
999 ^a ใช้งานได้ทุกระบบ
รายการนี้ยังไม่มีแท็ก
คุณยังไม่ได้ล็อกอิน คุณสามารถมีกิจกรรมร่วมกับเว็บไซต์ได้ แต่ต้องล็อกอินก่อน ::
  ล็อกอิน

รายการสื่อสารสนเทศ

ลำดับที่ ประเภท เลขเรียก/บาร์โค้ด สถานที่ สถานะ
1. วิทยาศาสตร์การแพทย์ และสุขภาพ
วิทยาศาสตร์การแพทย์ และสุขภาพ
WS200 ด764N  
  Barcode: 15064
ห้องสมุดวิทยาเขตสวรรค์ประชารักษ์
►ส่วนจัดเก็บหนังสือเก่า สปร
บนชั้น
  ขอยืม
2. วิทยาศาสตร์การแพทย์ และสุขภาพ
วิทยาศาสตร์การแพทย์ และสุขภาพ
WS200 ด764N ฉ.2 
  Barcode: 15107
ห้องสมุดวิทยาเขตสวรรค์ประชารักษ์
►ส่วนจัดเก็บหนังสือเก่า สปร
บนชั้น
  ขอยืม
3. วิทยาศาสตร์การแพทย์ และสุขภาพ
วิทยาศาสตร์การแพทย์ และสุขภาพ
WS200 ด764N ฉ.3 
  Barcode: 15558
ห้องสมุดวิทยาเขตสวรรค์ประชารักษ์
►ส่วนจัดเก็บหนังสือเก่า สปร
บนชั้น
  ขอยืม

รายการใกล้เคียง
    หัวเรื่อง [กุมารเวชศาสตร์]
    หัวเรื่อง [โรค ในวัยทารกและวัยเด็ก]

BibComment


ยังไม่เคยถูกคอมเมนท์

คอมเมนท์ทรัพยากรรายการนี้
  คอมเมนท์: New trend in ped..


 Copyright 2026. Bcnsprnw @Library